History Quiz

Random History or Country Quiz

World's Largest Cities (1911) Quiz Stats

 Plays Quiz Updated Aug 14, 2014

     
Support Sporcle.
Go Orange.
Score 0/50 Timer 10:00
3 Plays Today
Rank (Population) City % Correct
1. (4,766,883)New York
99.6%
2. (4,536,541)London
99.4%
3. (2,711,931)Paris
99.1%
5. (2,040,148)Berlin
97.7%
6. (1,869,833)Tokyo
97.6%
11. (1,359,254)Moscow
95.6%
14. (1,000,000)Peking
93.7%
4. (2,185,283)Chicago
93.4%
10. (1,429,000)St. Petersburg
90.9%
7. (1,662,269)Vienna
88.3%
26. (670,585)Boston
85.8%
33. (539,835)Madrid
85.3%
28. (614,476)Cairo
85.1%
8. (1,549,008)Philadelphia
83.6%
13. (1,150,000)Constantinople
82.1%
27. (630,649)Brussels
81%
15. (977,822)Bombay
80.5%
16. (950,891)Buenos Aires
80%
34. (538,393)Munich
79.7%
37. (523,557)Amsterdam
79.1%
44. (487,900)Sydney
79%
32. (543,872)Manchester
78.7%
36. (533,000)Barcelona
78%
30. (560,613)Milan
73.1%
23. (691,565)Rio de Janeiro
71.8%
Rank (Population) City % Correct
22. (732,322)Budapest
71%
18. (802,793)Hamburg
68.3%
25. (684,958)Liverpool
67.5%
46. (465,766)Detroit
66.5%
38. (522,204)Birmingham
64%
48. (450,000)Bangkok
63%
17. (949,144)Calcutta
62.5%
20. (760,468)Glasgow
61.4%
12. (1,226,590)Osaka
60.7%
42. (496,079)Melbourne
58.7%
43. (491,614)Naples
58.1%
31. (558,485)Baltimore
56.6%
24. (687,029)St. Louis
53.6%
35. (533,905)Pittsburgh
53.4%
29. (560,663)Cleveland
51.6%
9. (1,500,000)Canton
39.6%
47. (460,849)Prague
38.3%
39. (516,996)Dresden
34.7%
21. (756,426)Warsaw
32.5%
40. (509,346)Madras
29%
41. (502,570)Leipzig
21.8%
50. (448,466)Hyderabad
17.6%
49. (449,673)Odessa
15.2%
19. (800,000)Hankow
15.1%
45. (470,751)Breslau
7.3%

From the Vault

Authors and Works A-Z

by hscer

If anyone knows the alphabet well, it should be a famous author.
Remove Ads.
Support Sporcle.
Get the best of Sporcle when you Go Orange. This ad-free experience offers more features, more stats, and more fun while also helping to support Sporcle. Thank you for becoming a member.

Show Comments

Extras

Top Quizzes Today


Score Distribution

Your Account Isn't Verified!

In order to create a playlist on Sporcle, you need to verify the email address you used during registration. Go to your Sporcle Settings to finish the process.

Report this User

Report this user for behavior that violates our Community Guidelines.

Details: